Statistics for Top 10 Largest Hotel Chains in the World

Click here to take the quiz!

General Stats

  • This quiz has been taken 42 times
  • The average score is 3 of 10

Answer Stats

TopAnswer% Correct
3.Hilton
90%
1.Marriott International
73%
4.Intercontinental Hotels Group
45%
5.Wyndham Hotels & Resorts
30%
6.Accor Group
23%
8.Choice Hotels
10%
10.OYO Hotels & Homes
8%
9.BTH Hotels
3%
7.H World Group
3%
2.Jin Jiang Inn
3%

Score Distribution

Percentile by Number Answered

Percent of People with Each Score

Your Score History

You have not taken this quiz